Statistics for Star Trek Actors Quiz

Click here to take the quiz!

General Stats

  • This quiz has been taken 17 times
  • The average score is 28 of 75

Answer Stats

Series Character Actor % Correct
The Original SeriesJames T. KirkWilliam Shatner
100%
SpockLeonard Nimoy
100%
The Next GenerationJean-Luc PicardPatrick Stewart
100%
GuinanWhoopi Goldberg
75%
Hikaru SuluGeorge Takei
75%
Khan Noonien SinghRicardo Montalbán
75%
Dr. Leonard McCoyKarl Urban
63%
Tasha YarDenise Crosby
63%
Dr. Beverly CrusherGates McFadden
63%
Deanna TroiMarina Sirtis
63%
DataBrent Spiner
63%
Dr. Julian BashirAlexander Siddig
63%
SpockZachary Quinto
63%
Reboot (Kelvin timeline)James T. KirkChris Pine
63%
Montgomery ScottJames Doohan
63%
Geordi LaForgeLeVar Burton
50%
Dr. Leonard McCoyDeForest Kelley
50%
VoyagerKathryn JanewayKate Mulgrew
50%
Wesley CrusherWil Wheaton
50%
Nyota UhuraNichelle Nichols
50%
Christine ChapelMajel Barrett-Roddenberry
50%
WorfMichael Dorn
50%
ChakotayRobert Beltran
50%
William T. RikerJonathan Frakes
50%
Khan Noonien SinghBenedict Cumberbatch
50%
Gabriel LorcaJason Isaacs
50%
Nyota UhuraZoe Saldana
50%
Pavel ChekovWalter Koenig
38%
TuvokTim Russ
38%
Harry KimGarrett Wang
38%
Montgomery ScottSimon Pegg
38%
Seven of NineJeri Ryan
38%
OdoRené Auberjonois
38%
QuarkArmin Shimerman
38%
Hikaru SuluJohn Cho
38%
Kira NerysNana Visitor
38%
Miles O'BrienColm Meaney
38%
Deep Space NineBenjamin SiskoAvery Brooks
38%
EnterpriseJonathan ArcherScott Bakula
38%
Reginald BarclayDwight Schultz
38%
Pavel ChekovAnton Yelchin
38%
George KirkChris Hemsworth
38%
NeelixEthan Phillips
25%
The DoctorRobert Picardo
25%
T'PolJolene Blalock
25%
Tom ParisRobert Duncan McNeill
25%
SaruDoug Jones
25%
DiscoveryMichael BurnhamSonequa Martin-Green
25%
Philippa GeorgiouMichelle Yeoh
25%
QJohn De Lancie
25%
Christopher PikeBruce Greenwood
25%
SarekMark Lenard
25%
Janice RandGrace Lee Whitney
25%
Dr. Katherine PulaskiDiana Muldaur
25%
Jadzia DaxTerry Farrell
25%
NogAron Eisenberg
13%
Paul StametsAnthony Rapp
13%
Dr. PhloxJohn Billingsley
13%
RomMax Grodénchik
13%
Charles "Trip" TuckerConnor Trinneer
13%
KesJennifer Lien
13%
Ezri DaxNicole de Boer
13%
Jake SiskoCirroc Lofton
13%
Elim GarakAndrew J. Robinson
13%
Gul DukatMarc Alaimo
13%
B'Elanna TorresRoxann Dawson
13%
Keiko O'BrienRosalind Chao
13%
Malcolm ReedDominic Keating
0%
Hoshi SatoLinda Park
0%
Travis MayweatherAnthony Montgomery
0%
Ash TylerShazad Latif
0%
Sylvia TillyMary Wiseman
0%
WeyounJeffrey Combs
0%
Hugh CulberWilson Cruz
0%

Score Distribution

Percentile by Number Answered

Percent of People with Each Score

Your Score History

You have not taken this quiz